000 00639nam a2200241Ia 4500
003 OSt
005 20221005100112.0
006 a|||||r|||| 00| 0
007 ta
008 221004b |||||||| |||| 00| 0 mar d
024 _a40347
037 _cTextual
040 _aCRL
_cCRL
_bmar
041 _2mar
_amar
082 _aO155,2N12,7, J4
100 _aShirvadkar V.C.
_9225663
245 0 _aRajmukut
260 _aPune
_bMarathi prakashan India
_c1954
300 _a84p.
_ccm.
650 _aMARATHI LITERATURE
_938000
942 _hO155,2N12,7, J4
_cTEXL
_2cc
999 _c1004663
_d1004663